000
00306cam a2200121ua 4500
082
_a
828.09
_b
WED/SE
100
_a
Wedywood, C V .
_9
1923
245
_a
Seventienth Century English Literature /
250
_a
1 /
260
_a
London :
_b
Oxford University Press ,
_c
1963.
300
_a
186 ; .
942
_c
BK
999
_c
6873
_d
6873